[Event "Lund op"]
[Site "Lund"]
[Date "2016.02.09"]
[Round "1"]
[White "Ivarsson, Torbjorn"]
[Black "Sandvall, Johannes"]
[Result "1-0"]
[WhiteElo "2163"]
[BlackElo "1720"]
[PlyCount "81"]
[EventDate "2016.02.09"]
[EventType "swiss"]
[EventRounds "7"]
[EventCountry "SWE"]
[SourceTitle "EXT 2019"]
[Source "ChessBase"]
[SourceDate "2018.10.10"]
[SourceVersion "1"]
[SourceVersionDate "2018.10.10"]
[SourceQuality "1"]

1. e4 c5 2. Nf3 d6 3. Bb5+ Bd7 4. Bxd7+ Nxd7 5. 0-0 Ngf6 6. Re1 g6 7. b3 Bg7 8. Bb2 0-0 9. d3 Rc8 10. Nbd2 e6 11. Nc4 Nb6 12. Ne3 d5 13. e5 Nfd7 14. c4 Qc7 15. Nf1 Rfd8 16. Qe2 a5 17. Bc1 Nb8 18. Bg5 Rd7 19. Qe3 Nc6 20. Ng3 Ne7 21. Bf6 Qd8 22. Bxg7 Kxg7 23. Qg5 Ng8 24. Nh5+ Kf8 25. Nf6 h6 26. Nxd7+ Qxd7 27. Qf4 d4 28. Nd2 Kg7 29. Ne4 Rc7 30. Re2 Nc8 31. Rf1 b6 32. Qg3 Nge7 33. Qh4 Ng8 34. g4 Qe7 35. Qg3 Qd8 36. f4 f5 37. exf6+ Nxf6 38. Nxf6 Qxf6 39. f5 Re7 40. fxe6 Qg5 41. h4 1-0